| 000 | 01212nam a2200337 i 4500 | ||
|---|---|---|---|
| 003 | EG-GICUC | ||
| 005 | 20260422155439.0 | ||
| 008 | 260422r19811985enk ||f |||| 001 0 eng d | ||
| 020 | _a0710009445 | ||
| 040 |
_aEG-GiCUC _cEG-GiCUC _dEG-GiCUC _eRda _beng |
||
| 041 | 0 | _aeng | |
| 082 | 0 | 4 |
_221 _a343.62 _bCR |
| 092 | 0 | 4 | _221 |
| 099 | _aLaw1 10 343.62 CR 1981-1985 1011278 C1 | ||
| 245 | 0 | 2 |
_aCrime and Society Readings in History and Theory / _c Compiled By Mike FitzGerald, Gregor Mclennan And Jennie Pawson. At The Open University. |
| 264 | 1 |
_aLondon : _bRoutledge & Kegan Paul. Melbourne And Henley In Association With The Open University Press , _c1981-1985. |
|
| 300 |
_a504page ; _c24 cm |
||
| 336 |
_2rda contenu _a texte |
||
| 337 |
_2rda medias _aOrdinateur |
||
| 338 |
_2 transporteur rda _a Ressource en ligne |
||
| 500 | _aIndex Pages : 498-504. | ||
| 546 | _aText in English | ||
| 650 | 1 | 4 |
_aCriminology _xTheories |
| 650 | 1 | 4 | _aCriminal behavior |
| 700 | 1 |
_aFitzGerald, Mike _eCompiler. |
|
| 700 | 1 |
_aMclennan, Gregor _eCompiler. |
|
| 700 | 1 |
_aPawson, Jennie _eCompiler. |
|
| 856 | 4 | 0 | _uhttps://fll.law.cu.edu.eg/fulltext/bks/B10-11278.pdf |
| 905 | _a164 | ||
| 942 |
_2ddc _cBK _e21 _n0 |
||
| 999 |
_c72834 _d72834 |
||